[Event "Rio Branco Regional Norte"]
[Site "Rio Branco"]
[Date "2021.11.26"]
[Round "3"]
[White "Silva, Antonelli Santos"]
[Black "Dos Santos, Paulo H Maximo"]
[Result "0-1"]
[WhiteElo "1674"]
[BlackElo "1422"]
[PlyCount "51"]
[EventDate "2021.11.25"]
[EventType "swiss"]
[EventRounds "6"]
[EventCountry "BRA"]
[SourceTitle "CBM 205 Extra"]
[Source "ChessBase"]
[SourceDate "2022.01.31"]
[SourceVersion "1"]
[SourceVersionDate "2022.01.31"]
[SourceQuality "1"]

1. d4 Nf6 2. Nf3 e6 3. Bf4 c5 4. c3 Nc6 5. e3 d5 6. Bd3 cxd4 7. exd4 Bd6 8. Bg3 Bxg3 9. hxg3 Qb6 10. Qb3 Qc7 11. Nbd2 e5 12. dxe5 Nxe5 13. Be2 0-0 14. 0-0 Bg4 15. Rfe1 Nxf3+ 16. Bxf3 Bxf3 17. Nxf3 Rfe8 18. Nd4 Re4 19. Rad1 Rae8 20. Rf1 h5 21. Nf3 h4 22. gxh4 Rg4 23. Rfe1 Rxe1+ 24. Rxe1 Qf4 25. Qc2 Qxf3 26. g3 0-1

[Event "Florianopolis op 7th"]
[Site "Florianopolis"]
[Date "2021.01.24"]
[Round "10"]
[White "Dos Santos, Paulo H Maximo"]
[Black "Ramazzotte, Esther Zilli"]
[Result "1/2-1/2"]
[WhiteElo "1443"]
[BlackElo "1155"]
[PlyCount "108"]
[EventDate "2021.01.18"]
[EventType "swiss"]
[EventRounds "10"]
[EventCountry "BRA"]
[SourceTitle "CBM 200 Extra"]
[Source "ChessBase"]
[SourceDate "2021.03.31"]
[SourceVersion "1"]
[SourceVersionDate "2021.03.31"]
[SourceQuality "1"]

1. d4 d5 2. c4 Nf6 3. cxd5 Nxd5 4. e4 Nf6 5. Nc3 Bg4 6. Be2 Bxe2 7. Ngxe2 e6 8. Bg5 Be7 9. Qb3 b6 10. 0-0 0-0 11. Rac1 Nbd7 12. e5 Ne8 13. Bxe7 Qxe7 14. Nb5 c5 15. d5 exd5 16. Qxd5 Rd8 17. Rfd1 a6 18. Na7 Nc7 19. Qb7 Nxe5 20. Rxd8 Rxd8 21. Ng3 Qd6 22. Nc8 Qd2 23. Rf1 Ne6 24. Nxb6 Qxb2 25. Qxa6 Qc2 26. Qa3 c4 27. Qc1 Qxa2 28. Qc3 Qb3 29. Qxe5 Qxb6 30. Rc1 Qd4 31. Qxd4 Rxd4 32. Nf5 Rd3 33. Kf1 c3 34. Ne3 Nd4 35. Nc2 Nb3 36. Re1 f6 37. Re3 Rd1+ 38. Re1 Rd2 39. Re2 Nc1 40. Rxd2 cxd2 41. Ne3 f5 42. Nd1 Kf7 43. f4 Kg6 44. h3 Kh5 45. g3 g5 46. fxg5 Kxg5 47. Kg2 h5 48. h4+ Kf6 49. Kf3 Ke5 50. Ne3 Nb3 51. Nd1 Kf6 52. Ke2 Ke5 53. Kf3 Na5 54. Ne3 Ke6 1/2-1/2

[Event "BRA-ch Amateur U1600"]
[Site "Sao Paulo"]
[Date "2019.06.22"]
[Round "6"]
[White "Gomes, Genildo de Souza"]
[Black "Dos Santos, Paulo H Maximo"]
[Result "0-1"]
[WhiteElo "1559"]
[BlackElo "1481"]
[PlyCount "88"]
[EventDate "2019.06.20"]
[EventType "swiss"]
[EventRounds "7"]
[EventCountry "BRA"]
[SourceTitle "CBM 195 Extra"]
[Source "ChessBase"]
[SourceDate "2020.05.31"]
[SourceVersion "1"]
[SourceVersionDate "2020.05.31"]
[SourceQuality "1"]

1. d4 e6 2. Nf3 c5 3. e3 Nc6 4. c3 d5 5. Bd3 Nf6 6. Nbd2 cxd4 7. exd4 Bd6 8. 0-0 0-0 9. Re1 Qc7 10. h3 Re8 11. Bb5 Bd7 12. Bxc6 Bxc6 13. Ne5 Nd7 14. f4 f6 15. Nxd7 Bxd7 16. g3 e5 17. Qh5 exf4 18. Qxd5+ Kh8 19. Nf3 Rxe1+ 20. Nxe1 Bxh3 21. Qh5 Bd7 22. Bxf4 Bxf4 23. gxf4 Qxf4 24. Ng2 Qg4 25. Qxg4 Bxg4 26. Re1 Bh5 27. Re7 Bf3 28. Nh4 Bc6 29. Nf5 Re8 30. Rxg7 Be4 31. Re7 Rg8+ 32. Kf2 Bxf5 33. Rxb7 a6 34. Rb6 Bh3 35. Kf3 Rg2 36. d5 Rd2 37. d6 Kg7 38. Ke3 Rd1 39. c4 Be6 40. c5 Bxa2 41. c6 Rxd6 42. c7 Re6+ 43. Rxe6 Bxe6 44. Ke4 Kf7 0-1